Vedľajšie vety v nemeckom ekonomickom texte I predmetové vety
Rozdiely medzi všeobecným a odbornýcm jazykom registrujeme vo frekvencii a distribúcii niektorých gramatických javov a v špecifickom výbere jazykových prostriedkov všeobecného jazyka. K výrazným znakom odborného nemeckého textu patrí používanie určitých syntaktických konštrukcií a niektorých vedľajš...
Gespeichert in:
| 1. Verfasser: | |
|---|---|
| Format: | Buchkapitel |
| Sprache: | Slowakisch |
| Schlagworte: | |
| Tags: |
Keine Tags, Fügen Sie das erste Tag hinzu!
|
MARC
| LEADER | 00000naa$a2200000$$$4500 | ||
|---|---|---|---|
| 001 | 0183831 | ||
| 005 | 20240502073140.3 | ||
| 041 | 0 | |a slo | |
| 044 | |a SK | ||
| 245 | 1 | 0 | |a Vedľajšie vety v nemeckom ekonomickom texte I |b predmetové vety |c Eleonóra Flochová |
| 520 | |a Rozdiely medzi všeobecným a odbornýcm jazykom registrujeme vo frekvencii a distribúcii niektorých gramatických javov a v špecifickom výbere jazykových prostriedkov všeobecného jazyka. K výrazným znakom odborného nemeckého textu patrí používanie určitých syntaktických konštrukcií a niektorých vedľajších viet. | ||
| 610 | 2 | 0 | |a jazyky cudzie |
| 610 | 2 | 0 | |a jazyk odborný |
| 610 | 2 | 0 | |a nemčina |
| 610 | 2 | 0 | |a syntax |
| 610 | 2 | 0 | |a gramatika |
| 100 | 1 | |a Flochová, Eleonóra | |